header

Be(com)ing human (Record no. 205562)

MARC details
000 -LEADER
fixed length control field 01274nam a2200325 a 4500
100 1# - MAIN ENTRY--AUTHOR NAME
Personal name Stables, Andrew.
245 10 - TITLE STATEMENT
Title Be(com)ing human
260 ## - PUBLICATION, DISTRIBUTION, ETC. (IMPRINT)
Place of publication Rotterdam :
Name of publisher Sense Publishers,
Year of publication 2012.
300 ## - PHYSICAL DESCRIPTION
Number of Pages xii, 142 p.
490 1# - SERIES STATEMENT
Series statement Educational futures : rethinking theory and practice ;
650 #0 - SUBJECT ADDED ENTRY--TOPICAL TERM
Topical Term Philosophical anthropology.
Topical Term Humanity.
856 40 - ELECTRONIC LOCATION AND ACCESS
Uniform Resource Identifier http://site.ebrary.com/lib/rucke/Doc?id=10614828

No items available.

© 2026 Rongo University
Contact us: librarian | system librarian | Rongo university